000 00684nam a22002177a 4500
003 OSt
005 20160920142001.0
008 160920b xxu||||| |||| 00| 0 eng d
020 _a978-950-641-474-0
040 _cCRI
082 _a658.3
100 1 0 _926629
_aAlles, Martha Alicia
245 _aSelección por competencias
_cMartha Alles; Director de la colección: Ernesto Gore; Coordinación editorial: Débora Feelay
250 _a1a ed.
_b2a reimp.
260 _aBuenos Aires
_bGranica
_c2008
300 _a436 p.
_c23 cm.
650 0 _96298
_aDirección de personal
700 _939743
_aGore, Ernesto
700 _939744
_aFeelay, Débora
942 _2ddc
_cBK
_hprozim
999 _c25939
_d25939